000
00312nam a22001337a 4500
008
181217b xxu||||| |||| 00| 0 eng d
020
_a
9780131713482
041
_a
eng
080
_a
610
100
_a
4
101
_a
SHM
245
_a
Math Skills For Allied Health Careers
_c
Daniel.L.t
942
_2
udc
_c
BK
999
_c
53304
_d
53304